| 000 | 00352nam a22000977a 4500 | ||
|---|---|---|---|
| 008 | 160314b xxu||||| |||| 00| 0 eng d | ||
| 245 |
_aFincial Year Ended 30 June 2013 _bAnnual Report and Financial Statements |
||
| 260 |
_aThe kenya power and ligthing company _bThe kenya power _c2013 |
||
| 300 |
_a128p. _bill. |
||
| 942 |
_2lcc _cAFRI _kHD9685 .K44K46 2013 C.1 |
||
| 999 |
_c15769 _d15769 |
||